[Event "World Youth U16 Olympiad"]
[Site "Gyor HUN"]
[Date "2014.12.21"]
[Round "10.1"]
[Board "4"]
[White "Lorparizangeneh, Shahin"]
[Black "Antal, Tibor Kende"]
[Result "1/2-1/2"]
[WhiteTitle "FM"]
[BlackTitle "FM"]
[WhiteElo "2340"]
[BlackElo "2292"]
[WhiteTeam "Iran"]
[BlackTeam "Hungary 1"]
[WhiteFideId "12521604"]
[BlackFideId "738581"]
[EventDate "2014.12.13"]

1. c4 e6 2. Nf3 Nf6 3. g3 d5 4. Bg2 d4 5. O-O c5 6. d3 Nc6 7. e3 Bd6 8. exd4
cxd4 9. Na3 e5 10. Re1 O-O 11. c5 Bxc5 12. Nxe5 Nxe5 13. Rxe5 Bxa3 14. bxa3 Be6
15. Bb2 Qb6 16. Qd2 Rac8 17. a4 Rc7 18. Rb5 Qd6 19. Qb4 Rd8 20. a5 Qxb4 21. Rxb4
Rc5 22. Bxd4 Rxa5 23. Rxb7 Ra3 24. Rd1 Rxa2 25. Bxa7 Bg4 26. Re1 h5 27. h3 Bf5
28. d4 Be6 29. Bc5 h4 30. Reb1 hxg3 31. fxg3 Nd5 32. R7b2 Rda8 33. Be4 g6 34.
Bd6 Rxb2 35. Rxb2 Rc8 36. Kh2 Nf6 37. Bg2 Bd5 38. Be5 Bxg2 39. Kxg2 Nd7 40. Bf4
Nf6 41. Be5 Nd7 42. Bf4 Rc4 43. d5 Rd4 44. Rb5 f6 45. h4 Kf7 46. Kf3 Ke7 47. Ke3
Rd1 48. g4 Rh1 49. h5 gxh5 50. gxh5 Ne5 51. h6 Ng4+ 52. Ke2 Ne5 53. Rb6 Rh5 54.
h7 Nd7 55. Bd6+ Ke8 56. Ra6 Rxh7 57. Kd3 Rh4 58. Ra8+ Kf7 59. Ra7 Ke8 60. Ra8+
Kf7 61. Ra7 1/2-1/2

[Event "World Youth U16 Olympiad"]
[Site "Gyor HUN"]
[Date "2014.12.21"]
[Round "10.2"]
[Board "1"]
[White "Sanal, Vahap"]
[Black "Ghosh, Diptayan"]
[Result "1-0"]
[WhiteTitle "IM"]
[BlackTitle "IM"]
[WhiteElo "2452"]
[BlackElo "2516"]
[WhiteTeam "Turkey"]
[BlackTeam "India"]
[WhiteFideId "6300545"]
[BlackFideId "5045207"]
[EventDate "2014.12.13"]

1. e4 e5 2. Nf3 Nc6 3. Bb5 a6 4. Ba4 Nf6 5. O-O Be7 6. Re1 b5 7. Bb3 d6 8. c3
O-O 9. h3 Nb8 10. d4 Nbd7 11. c4 Bb7 12. Nc3 c6 13. a3 h6 14. Be3 Re8 15. Ba2
Bf8 16. Qb3 Qe7 17. c5 dxc5 18. dxc5 Red8 19. Rac1 Qe8 20. Qc2 Nxc5 21. Bxc5
Bxc5 22. Nxb5 Bxf2+ 23. Qxf2 axb5 24. Qb6 Qe7 25. Nh4 Ra6 26. Qf2 Bc8 27. Ng6
Qd6 28. Rcd1 Qxd1 29. Rxd1 Rxd1+ 30. Kh2 Be6 31. Bxe6 fxe6 32. Qc5 Rd8 33. Nxe5
Kh7 34. Qe7 Raa8 35. Qxe6 Re8 36. Qf5+ Kg8 37. Nxc6 Rxe4 38. Qxb5 Kh8 39. Ne5
Kh7 40. Nd7 Kh8 41. Qf5 Rae8 42. Nxf6 gxf6 43. Qxf6+ Kh7 44. Qf7+ Kh8 45. Qf6+
Kh7 46. a4 R8e7 47. a5 R4e6 48. Qf5+ Kg7 49. b4 Rf6 50. Qc5 Ref7 51. b5 Rf5 52.
Qc3+ Kh7 53. b6 1-0

[Event "World Youth U16 Olympiad"]
[Site "Gyor HUN"]
[Date "2014.12.21"]
[Round "10.2"]
[Board "2"]
[White "Karthikeyan, Murali"]
[Black "Ali Marandi, Cemil Can"]
[Result "1-0"]
[WhiteTitle "IM"]
[BlackTitle "IM"]
[WhiteElo "2497"]
[BlackElo "2423"]
[WhiteTeam "India"]
[BlackTeam "Turkey"]
[WhiteFideId "5074452"]
[BlackFideId "6300529"]
[EventDate "2014.12.13"]

1. e4 e6 2. d4 d5 3. Nd2 c5 4. dxc5 Bxc5 5. Bd3 Nc6 6. Ngf3 Nf6 7. Qe2 O-O 8.
O-O Nb4 9. e5 Nxd3 10. cxd3 Nd7 11. Nb3 Be7 12. Nfd4 Re8 13. Bd2 Nf8 14. a4 Bd7
15. a5 Rc8 16. Qe3 Rc7 17. Nf3 Qb8 18. Qd4 Rec8 19. Bb4 Ng6 20. h4 Bxb4 21. Qxb4
Re8 22. h5 Ne7 23. h6 g6 24. Qf4 Qd8 25. Rac1 Rxc1 26. Rxc1 Bb5 27. Nbd4 a6 28.
g4 Nc8 29. Ng5 Qe7 30. Rc7 Qf8 31. Rxf7 Qxh6 32. Rxh7 Rf8 33. Qe3 1-0

[Event "World Youth U16 Olympiad"]
[Site "Gyor HUN"]
[Date "2014.12.21"]
[Round "10.2"]
[Board "3"]
[White "Sevgi, Volkan"]
[Black "Aravindh, Chithambaram VR."]
[Result "0-1"]
[WhiteTitle "FM"]
[BlackTitle "IM"]
[WhiteElo "2091"]
[BlackElo "2476"]
[WhiteTeam "Turkey"]
[BlackTeam "India"]
[WhiteFideId "6325335"]
[BlackFideId "5072786"]
[EventDate "2014.12.13"]

1. e4 c5 2. c3 Nf6 3. e5 Nd5 4. d4 cxd4 5. Nf3 Nc6 6. cxd4 d6 7. Bc4 e6 8. O-O
Be7 9. a3 O-O 10. Qe2 a5 11. Qe4 a4 12. Bd3 f5 13. exf6 Nxf6 14. Qe2 e5 15. dxe5
dxe5 16. Bg5 e4 17. Bc4+ Kh8 18. Nfd2 Nd4 19. Qd1 Bg4 20. f3 exf3 21. gxf3 Nxf3+
22. Nxf3 Qxd1 23. Rxd1 Bxf3 24. Re1 Bc5+ 25. Be3 Rae8 26. Bxc5 Rxe1+ 27. Kf2
Rxb1 28. Rxb1 Ne4+ 29. Ke3 Nxc5 30. Rf1 Nd7 31. Be6 Bc6 0-1

[Event "World Youth U16 Olympiad"]
[Site "Gyor HUN"]
[Date "2014.12.21"]
[Round "10.2"]
[Board "4"]
[White "Kumaran, B"]
[Black "Tuncer, Tuna"]
[Result "1-0"]
[WhiteElo "2316"]
[BlackElo "2210"]
[WhiteTeam "India"]
[BlackTeam "Turkey"]
[WhiteFideId "5038472"]
[BlackFideId "6349269"]
[EventDate "2014.12.13"]

1. e4 c5 2. b3 Nc6 3. Bb2 e5 4. Bc4 d6 5. Nc3 Nf6 6. Nge2 g6 7. O-O Bg7 8. d3
O-O 9. h3 Nh5 10. Nd5 Rb8 11. Ne3 Qg5 12. Kh2 Nf4 13. Ng1 Kh8 14. g3 b5 15. Bd5
Nxd5 16. Nxd5 f5 17. f4 Qd8 18. exf5 Bxf5 19. Ne3 Be6 20. fxe5 Nxe5 21. Qe2 Nf3+
22. Rxf3 Bxb2 23. Raf1 Rxf3 24. Nxf3 Qd7 25. Qg2 Re8 26. Ng5 Kg7 27. Nd5 Be5 28.
Nxe6+ Rxe6 29. Qf3 Re8 30. c4 a6 31. h4 Bd4 32. h5 Qe6 33. Nf4 Qe3 34. Qg4 Qd2+
35. Kh3 Re1 36. Ne6+ Rxe6 37. Qxe6 Qxd3 38. Rf7+ Kh6 39. Qg4 gxh5 40. Qe6+ Kg5
41. Qe7+ Kg6 42. Qe6+ Kg5 43. Qd5+ Kg6 44. Kh4 Kh6 45. Qxh5# 1-0

[Event "World Youth U16 Olympiad"]
[Site "Gyor HUN"]
[Date "2014.12.21"]
[Round "10.3"]
[Board "1"]
[White "Paravyan, David"]
[Black "Vetoshko, Volodymyr"]
[Result "1-0"]
[WhiteTitle "IM"]
[BlackTitle "IM"]
[WhiteElo "2437"]
[BlackElo "2424"]
[WhiteTeam "Russia"]
[BlackTeam "Ukraine"]
[WhiteFideId "4194985"]
[BlackFideId "14122480"]
[EventDate "2014.12.13"]

1. e4 e5 2. Nf3 Nc6 3. Bb5 Nf6 4. O-O Nxe4 5. d4 Nd6 6. Bxc6 dxc6 7. dxe5 Nf5 8.
Qxd8+ Kxd8 9. h3 Ke8 10. Nc3 h5 11. Ne2 Be7 12. Bg5 Be6 13. Nf4 Bd5 14. Nxd5
cxd5 15. Rad1 Rd8 16. Rd3 c5 17. Bxe7 Kxe7 18. Ng5 Nd4 19. b4 b6 20. bxc5 bxc5
21. c3 Ne6 22. Nf3 Rd7 23. Nh4 g6 24. f4 c4 25. Rg3 Nc5 26. f5 Ne4 27. Rxg6 fxg6
28. Nxg6+ Kd8 29. Nxh8 Nxc3 30. f6 Ne2+ 31. Kh2 Rh7 32. Ng6 c3 33. e6 Nd4 34.
e7+ Ke8 35. Nf4 Kf7 36. Rb1 Rh8 37. Rb7 Re8 38. Nxd5 c2 39. Rc7 h4 40. Rc4 Rb8
41. Ne3 Kxf6 42. Nxc2 Nf5 43. Nd4 Nxe7 44. Nf3 Rb2 45. a3 Nf5 46. Rf4 1-0

[Event "World Youth U16 Olympiad"]
[Site "Gyor HUN"]
[Date "2014.12.21"]
[Round "10.3"]
[Board "2"]
[White "Vorontsov, Pavlo"]
[Black "Goryachkina, Aleksandra"]
[Result "1/2-1/2"]
[WhiteTitle "FM"]
[BlackTitle "WGM"]
[WhiteElo "2374"]
[BlackElo "2441"]
[WhiteTeam "Ukraine"]
[BlackTeam "Russia"]
[WhiteFideId "14116367"]
[BlackFideId "4147103"]
[EventDate "2014.12.13"]

1. Nf3 d5 2. g3 c6 3. Bg2 Bg4 4. O-O Nd7 5. h3 Bh5 6. c4 e6 7. cxd5 cxd5 8. Nc3
Ngf6 9. d3 Bc5 10. Bf4 O-O 11. Qb3 Qb6 12. Qxb6 Bxb6 13. Rfc1 a6 14. g4 Bg6 15.
Nh4 Rac8 16. Nxg6 hxg6 17. Kf1 Rfd8 18. Bd2 Ne5 19. Na4 Ba7 20. b4 Nfd7 21. f4
Nc6 22. Nc5 Nxc5 23. bxc5 Ne7 24. Rab1 Bxc5 25. Rxb7 Ba3 26. Rxc8 Rxc8 27. Ra7
Rc6 28. Ra8+ Kh7 29. Ke1 Rb6 30. Be3 Bb4+ 31. Kd1 Rc6 32. Bd2 Ba3 33. e3 Rb6 34.
d4 Rb1+ 35. Kc2 Rb2+ 36. Kd1 Rb1+ 37. Kc2 Rb2+ 38. Kd1 Rb1+ 1/2-1/2

[Event "World Youth U16 Olympiad"]
[Site "Gyor HUN"]
[Date "2014.12.21"]
[Round "10.3"]
[Board "3"]
[White "Vavulin, Maksim"]
[Black "Osmak, Iulija"]
[Result "1-0"]
[WhiteTitle "IM"]
[BlackTitle "WFM"]
[WhiteElo "2430"]
[BlackElo "2308"]
[WhiteTeam "Russia"]
[BlackTeam "Ukraine"]
[WhiteFideId "4169530"]
[BlackFideId "14101602"]
[EventDate "2014.12.13"]

1. e4 e6 2. d4 d5 3. Bd3 dxe4 4. Bxe4 Nf6 5. Bf3 Bd6 6. Ne2 O-O 7. Nbc3 e5 8.
Bg5 Nbd7 9. Qd2 exd4 10. Nxd4 Ne5 11. Be2 h6 12. Bxf6 Qxf6 13. Ne4 Qg6 14. Nxd6
Qxd6 15. O-O-O c5 16. Nb5 Qxd2+ 17. Rxd2 Be6 18. Nd6 Rab8 19. b3 Rfd8 20. f4 Nc6
21. Bf3 Na5 22. Rhd1 Kf8 23. g4 Bc8 24. h4 Nc6 25. c3 Rd7 26. Nxc8 Rxd2 27. Rxd2
Rxc8 28. Rd7 b6 29. Bd5 Ne7 30. Bc4 Ra8 31. f5 Ke8 32. Rb7 f6 33. Be6 Kf8 34.
Kc2 Ke8 35. Kd3 Rd8+ 36. Kc4 Nc8 37. Bxc8 1-0

[Event "World Youth U16 Olympiad"]
[Site "Gyor HUN"]
[Date "2014.12.21"]
[Round "10.3"]
[Board "4"]
[White "Matviishen, Viktor"]
[Black "Sarana, Alexey"]
[Result "0-1"]
[WhiteTitle "FM"]
[WhiteElo "2383"]
[BlackElo "2391"]
[WhiteTeam "Ukraine"]
[BlackTeam "Russia"]
[WhiteFideId "14129850"]
[BlackFideId "24133795"]
[EventDate "2014.12.13"]

1. d4 Nf6 2. c4 g6 3. Nc3 d5 4. cxd5 Nxd5 5. Bd2 Bg7 6. e4 Nb6 7. Be3 O-O 8. h3
e5 9. dxe5 Bxe5 10. Nf3 Bg7 11. Qc2 Nc6 12. a3 Be6 13. Rd1 Qe7 14. Be2 Nc4 15.
Bxc4 Bxc4 16. Nd5 Bxd5 17. Rxd5 Rfe8 18. Nd2 Qf6 19. Rb5 Nd4 20. Bxd4 Qxd4 21.
Rb4 Qd7 22. Rxb7 Rad8 23. Rb4 Re6 24. Ke2 Rc6 25. Nc4 Qe6 26. Rd1 Re8 27. b3 f5
28. Rb5 fxe4 29. Rbd5 e3 30. f3 Qf6 31. Qd3 Qh4 32. Rf1 Qg3 33. Rd8 Qxg2+ 34.
Ke1 Bc3+ 35. Qxc3 Rxd8 36. Qxe3 Qc2 37. Nd2 Qc1+ 0-1

[Event "World Youth U16 Olympiad"]
[Site "Gyor HUN"]
[Date "2014.12.21"]
[Round "10.4"]
[Board "2"]
[White "Cao, Jason"]
[Black "Dolana, Andrei-Theodor"]
[Result "1/2-1/2"]
[WhiteTitle "FM"]
[WhiteElo "2309"]
[BlackElo "2279"]
[WhiteTeam "Canada 1"]
[BlackTeam "Romania"]
[WhiteFideId "2611112"]
[BlackFideId "1219804"]
[EventDate "2014.12.13"]

1. e4 e5 2. Nf3 Nc6 3. Bb5 a6 4. Ba4 Nf6 5. d3 d6 6. c3 g6 7. Bg5 Bg7 8. Nbd2 h6
9. Bh4 b5 10. Bc2 O-O 11. Nf1 Ne7 12. Ne3 g5 13. Bg3 Ng4 14. Nxg4 Bxg4 15. h4 d5
16. hxg5 hxg5 17. Qd2 dxe4 18. Nxe5 exd3 19. Bxd3 Bf5 20. O-O-O Bxd3 21. Nxd3
Ng6 22. Qc2 Qd5 23. Kb1 Qxg2 24. Ne5 Bxe5 25. Bxe5 Rfe8 26. Bd4 Qe4 27. Rh5
Qxc2+ 28. Kxc2 Re2+ 29. Kb3 Kf8 30. Rxg5 Rd8 31. Rdg1 Ke7 32. Rc5 Rd7 33. Rc6
Re6 34. Rxe6+ Kxe6 35. Kb4 Rd6 36. Rg5 Nf4 37. Ka5 Nd3 38. b3 1/2-1/2

[Event "World Youth U16 Olympiad"]
[Site "Gyor HUN"]
[Date "2014.12.21"]
[Round "10.5"]
[Board "1"]
[White "Schroeder, Jan-Christian"]
[Black "Bakalchuk, Johnatan"]
[Result "1-0"]
[WhiteTitle "FM"]
[BlackTitle "FM"]
[WhiteElo "2390"]
[BlackElo "2300"]
[WhiteTeam "Germany"]
[BlackTeam "Israel"]
[WhiteFideId "24662259"]
[BlackFideId "2810301"]
[EventDate "2014.12.13"]

1. d4 Nf6 2. Nf3 g6 3. c4 Bg7 4. Nc3 O-O 5. e4 d6 6. h3 c5 7. d5 e6 8. Bd3 exd5
9. exd5 Re8+ 10. Be3 Nh5 11. O-O f5 12. Qd2 Nd7 13. Rfe1 Ne5 14. Nxe5 Rxe5 15.
Be2 f4 16. Bxf4 Nxf4 17. Qxf4 Qe7 18. Qd2 Bf5 19. Bd3 Bxd3 20. Rxe5 Qxe5 21.
Qxd3 a6 22. a4 Rf8 23. g3 Qh5 24. Kg2 Bd4 25. Ne4 b5 26. axb5 axb5 27. f4 Qf5
28. Re1 bxc4 29. Qxc4 Rb8 30. b3 Kg7 31. Nxd6 Qd7 32. Re6 Qa7 33. Qe2 Qa8 34.
Re7+ Kf8 35. Kh2 Rd8 36. Rc7 Be3 37. Qxe3 Qa2+ 38. Kg1 Qb1+ 39. Kf2 Qc2+ 40. Qe2
Qxe2+ 41. Kxe2 Rxd6 42. Rxc5 Rb6 43. Rc3 Ke7 44. Kf3 Rb4 45. Rc7+ Kd6 46. Rxh7
Rxb3+ 47. Kg4 Kxd5 48. Rg7 Ke6 49. Rxg6+ Kf7 50. Rg5 1-0

[Event "World Youth U16 Olympiad"]
[Site "Gyor HUN"]
[Date "2014.12.21"]
[Round "10.5"]
[Board "2"]
[White "Zanan, Evgeny"]
[Black "Perske, Thore"]
[Result "1/2-1/2"]
[WhiteTitle "FM"]
[WhiteElo "2300"]
[BlackElo "2402"]
[WhiteTeam "Israel"]
[BlackTeam "Germany"]
[WhiteFideId "24101940"]
[BlackFideId "12902195"]
[EventDate "2014.12.13"]

1. d4 Nf6 2. c4 g6 3. Nc3 Bg7 4. e4 d6 5. Be2 O-O 6. Nf3 e5 7. d5 a5 8. Bg5 h6
9. Be3 Ng4 10. Bd2 Na6 11. h3 Nf6 12. g4 Nd7 13. Rg1 Ndc5 14. h4 c6 15. Be3 cxd5
16. cxd5 Bd7 17. g5 h5 18. Nd2 a4 19. Rc1 Qe7 20. f3 Rfb8 21. Nb5 Bf8 22. Nb1
Qd8 23. N1c3 Qa5 24. Kf2 Rc8 25. Qd2 Nc7 26. Na3 N7a6 27. Nc4 Qd8 28. Na3 Qa5
29. Nc4 Qd8 30. Na3 Qa5 1/2-1/2

[Event "World Youth U16 Olympiad"]
[Site "Gyor HUN"]
[Date "2014.12.21"]
[Round "10.5"]
[Board "3"]
[White "Vogel, Roven"]
[Black "Grinberg, Eyal"]
[Result "1/2-1/2"]
[WhiteElo "2401"]
[BlackElo "2121"]
[WhiteTeam "Germany"]
[BlackTeam "Israel"]
[WhiteFideId "12908088"]
[BlackFideId "2806070"]
[EventDate "2014.12.13"]

1. Nf3 d5 2. g3 Nf6 3. Bg2 c6 4. O-O Bf5 5. d3 h6 6. c4 e6 7. b3 Nbd7 8. Bb2 Be7
9. Nbd2 Bh7 10. a3 O-O 11. Qc2 a5 12. Ne5 Nxe5 13. Bxe5 Nd7 14. Bc3 Qb6 15. Qb2
Bf6 16. Bxf6 Nxf6 17. Rab1 Rfe8 18. Nf3 Qc7 19. Rfc1 Qe7 20. Ne5 Nd7 21. b4 axb4
22. axb4 Qd6 23. Nxd7 Qxd7 24. Ra1 Rxa1 25. Qxa1 dxc4 26. Rxc4 e5 27. Qb2 Bf5
28. b5 cxb5 29. Rb4 e4 30. Bxe4 Bxe4 31. dxe4 Rc8 32. Kg2 Rc5 33. Qb3 Qc6 34. f3
Rc2 35. Qd3 Rc4 36. Rb1 b4 37. Qd8+ Kh7 38. Qe7 Rc2 39. Qxf7 Rxe2+ 40. Kh3 Rxh2+
41. Kxh2 Qc2+ 42. Kh3 Qxb1 43. Qf5+ Kh8 44. Qc8+ Kh7 45. Qf5+ Kh8 46. Qf8+ Kh7
47. Qf5+ Kh8 48. Qf8+ Kh7 49. Qf5+ 1/2-1/2

[Event "World Youth U16 Olympiad"]
[Site "Gyor HUN"]
[Date "2014.12.21"]
[Round "10.5"]
[Board "4"]
[White "Kali, Omer"]
[Black "Sieber, Fiona"]
[Result "1-0"]
[WhiteElo "2055"]
[BlackElo "2019"]
[WhiteTeam "Israel"]
[BlackTeam "Germany"]
[WhiteFideId "2812436"]
[BlackFideId "12902373"]
[EventDate "2014.12.13"]

1. e4 c5 2. Nf3 d6 3. Bc4 Nf6 4. d3 Nc6 5. c3 g6 6. O-O Bg7 7. Re1 e5 8. Bb3 O-O
9. h3 Be6 10. Bxe6 fxe6 11. Nbd2 Nh5 12. g3 Qd7 13. Nf1 d5 14. N1h2 Nf6 15. Qe2
Rae8 16. Kg2 b5 17. Ng4 Nxg4 18. hxg4 c4 19. dxc4 bxc4 20. Rh1 Bf6 21. Bh6 Rf7
22. Rad1 Qb7 23. Bg5 Ref8 24. Rdf1 Bg7 25. Ne1 Na5 26. f3 Rb8 27. Bc1 d4 28. Rf2
Bf8 29. Qd2 d3 30. Qg5 Bc5 31. Be3 Bxe3 32. Qxe3 Rd7 33. Qd2 Qc6 34. Qg5 Qd6 35.
Rd2 Nb7 36. Nc2 Nc5 37. Na3 Qc7 38. Nxc4 Nxe4 39. fxe4 Qxc4 40. Qxe5 Rbd8 41. b3
Qc6 42. Rf1 Rd6 43. Rf3 Qb7 44. Qf4 Qc7 45. Rdxd3 Qd7 46. Rxd6 Qxd6 47. Qxd6
Rxd6 48. a4 Rd2+ 49. Kf1 Kg7 50. a5 Rb2 51. b4 Kh6 52. Ke1 Kg5 53. Rf7 a6 54.
Rxh7 Kxg4 55. Ra7 Rc2 56. Rxa6 Rxc3 57. Rxe6 Kxg3 58. Rxg6+ Kf4 59. Kd2 Rb3 60.
Rb6 Kxe4 61. Kc2 Ra3 62. Kb2 Rh3 63. Rd6 Ke5 64. Rd1 Ke6 65. a6 Rh7 66. Kb3 Ra7
67. b5 Rh7 68. Kb4 Rh2 69. Rd3 Rb2+ 70. Kc5 Ra2 71. Kb6 1-0

[Event "World Youth U16 Olympiad"]
[Site "Gyor HUN"]
[Date "2014.12.21"]
[Round "10.6"]
[Board "1"]
[White "Nikitenko, Mihail"]
[Black "Theodorou, Nikolas"]
[Result "1-0"]
[WhiteElo "2379"]
[BlackElo "2321"]
[WhiteTeam "Belarus"]
[BlackTeam "Greece"]
[WhiteFideId "13506862"]
[BlackFideId "4262875"]
[EventDate "2014.12.13"]

1. e4 e5 2. Nf3 Nc6 3. c3 Nf6 4. d4 d5 5. Bb5 Nxe4 6. Nxe5 Bd7 7. Nxd7 Qxd7 8.
Nd2 Nxd2 9. Bxd2 Bd6 10. Qf3 Qe6+ 11. Kf1 O-O 12. Re1 Qd7 13. Qxd5 Rfe8 14. Be3
a6 15. Bd3 Ne7 16. Qh5 Ng6 17. h4 c5 18. Qf5 Qc7 19. h5 Nf8 20. Rh4 cxd4 21.
cxd4 Bb4 22. Rd1 Re6 23. d5 Rxe3 24. fxe3 Bc5 25. h6 Bxe3 26. hxg7 Ng6 27. Qh5
h6 28. Bxg6 fxg6 29. Qxg6 Bg5 30. Re4 Qh2 31. Qe6+ Kxg7 32. Qe5+ Qxe5 33. Rxe5
Rf8+ 34. Ke2 Bf6 35. Re6 Bxb2 36. Rb1 1-0

[Event "World Youth U16 Olympiad"]
[Site "Gyor HUN"]
[Date "2014.12.21"]
[Round "10.6"]
[Board "2"]
[White "Kourkoulos-Arditis, Stamatis"]
[Black "Kazakovskiy, Valeriy"]
[Result "1/2-1/2"]
[WhiteTitle "FM"]
[WhiteElo "2294"]
[BlackElo "2378"]
[WhiteTeam "Greece"]
[BlackTeam "Belarus"]
[WhiteFideId "4221990"]
[BlackFideId "13507443"]
[EventDate "2014.12.13"]

1. e4 e5 2. Nf3 Nc6 3. Bb5 a6 4. Ba4 Nf6 5. d3 b5 6. Bb3 Be7 7. a4 b4 8. a5 O-O
9. O-O d6 10. Nbd2 h6 11. h3 Be6 12. Re1 Rb8 13. Nc4 Re8 14. Be3 Bf8 15. Nfd2 d5
16. Ba4 Bd7 17. exd5 Nxd5 18. Qf3 Nxe3 19. fxe3 Re6 20. Rf1 Qe8 21. Ne4 Be7 22.
Bb3 Nd8 23. Qg3 Rb5 24. Ncd2 Kh8 25. Bxe6 Bxe6 26. Nf3 f5 27. Ned2 Bf6 28. c4
bxc3 29. bxc3 Nc6 30. Rfb1 Rd5 31. d4 f4 32. exf4 exd4 33. Ne4 Be7 34. cxd4 Nxd4
35. Nxd4 Rxd4 36. Re1 Bf5 37. Nf2 Qf7 38. Qe3 Bf6 39. Rac1 Kh7 40. Kh1 Ra4 41.
Qd2 Ra2 42. Qe3 Rxa5 43. Ne4 Bb2 44. Rcd1 Ra3 45. Rd3 Ra4 46. Nc5 Rc4 47. Rdd1
Bc3 48. Rf1 Bb4 49. Nd3 Rc3 50. Qd4 c5 51. Nxc5 Rc4 52. Qb2 Bxc5 53. Qa2 Bf8 54.
Qxa6 Rc2 55. Qa8 Rc8 56. Qf3 Qg6 57. Rfe1 Bb4 58. Re3 Rc4 59. Re5 Rc3 60. Re3
Rxe3 61. Qxe3 Be4 62. Qe2 Bc5 63. Kh2 Bb6 64. Rd7 Bf5 65. Re7 Bc5 66. Re8 Bd6
67. g3 Bd7 68. Rd8 Bc6 69. Qa2 Qf6 70. Qc2+ g6 71. Rc8 Bb7 72. Re8 Bxf4 73. Qb3
Bxg3+ 74. Qxg3 Qb2+ 75. Kg1 Qb6+ 76. Re3 Qb1+ 77. Re1 Qb6+ 78. Re3 Qb1+ 79. Kf2
Qf5+ 80. Kg1 Qb1+ 81. Re1 Qb6+ 82. Qf2 Qxf2+ 83. Kxf2 Bd5 84. Re7+ Kg8 85. Ke3
Kf8 86. Rh7 h5 87. Ra7 g5 88. Kd4 Be6 89. Ra3 h4 90. Ke5 Ke7 91. Ra7+ Bd7 92.
Rb7 Ke8 93. Rb8+ Kf7 94. Rb3 Ke7 95. Rb7 g4 96. hxg4 h3 97. Kf4 h2 98. Rb1 Bc6
99. Re1+ 1/2-1/2

[Event "World Youth U16 Olympiad"]
[Site "Gyor HUN"]
[Date "2014.12.21"]
[Round "10.6"]
[Board "3"]
[White "Zarubitski, Viachaslau"]
[Black "Tsiros, Fragkiskos Vlasios"]
[Result "0-1"]
[WhiteTitle "FM"]
[WhiteElo "2219"]
[BlackElo "2147"]
[WhiteTeam "Belarus"]
[BlackTeam "Greece"]
[WhiteFideId "13509373"]
[BlackFideId "4228200"]
[EventDate "2014.12.13"]

1. e4 c5 2. Nf3 d6 3. d4 cxd4 4. Nxd4 Nf6 5. Nc3 a6 6. Be3 Ng4 7. Bg5 h6 8. Bh4
g5 9. Bg3 Bg7 10. h3 Ne5 11. Qd2 Nbc6 12. O-O-O Nxd4 13. Qxd4 Be6 14. Nd5 Rc8
15. Kb1 Qa5 16. f4 gxf4 17. Bxf4 Kf8 18. Bd2 Qc5 19. Qxc5 Rxc5 20. Be3 Rc8 21.
b3 Bxd5 22. exd5 Rc3 23. Bf2 b5 24. Be2 Bf6 25. g4 Ng6 26. Rd3 Rc7 27. Bb6 Rb7
28. Bd4 Kg7 29. Rf1 Bxd4 30. Rxd4 Ne5 31. a4 Rc8 32. Rb4 Rbc7 33. Rc1 Rc3 34.
axb5 axb5 35. Bf1 R8c5 36. Rxb5 Rxb5 37. Bxb5 Rxh3 38. Rg1 Kf6 39. Kb2 Nf3 40.
Rf1 Ke5 41. Be2 Ng5 42. Rd1 Rh2 43. Ba6 Nf3 44. Bc4 Rg2 45. Rf1 Ke4 46. Bd3+ Ke3
47. Bf5 Ne5 48. Rh1 Kd4 49. Rxh6 Kxd5 50. Rh5 e6 51. Bh7 Rxg4 52. Rh1 f5 53. Kc3
Nd7 54. Rf1 Rg5 55. Ra1 Rg7 56. Ra5+ Ke4 57. Ra4+ Ke5 58. Rh4 Nf6 59. Bxf5 exf5
60. b4 Nd5+ 61. Kb3 Rb7 62. c3 f4 63. Rh1 f3 64. Re1+ Kf4 65. Rd1 f2 66. c4 Ne3
67. Rc1 f1=Q 68. Rxf1+ Nxf1 69. b5 Ke4 70. Kb4 Kd4 0-1

[Event "World Youth U16 Olympiad"]
[Site "Gyor HUN"]
[Date "2014.12.21"]
[Round "10.6"]
[Board "4"]
[White "Tsolakidou, Stavroula"]
[Black "Badelka, Olga"]
[Result "0-1"]
[WhiteTitle "WFM"]
[WhiteElo "2290"]
[BlackElo "1996"]
[WhiteTeam "Greece"]
[BlackTeam "Belarus"]
[WhiteFideId "4264312"]
[BlackFideId "13509926"]
[EventDate "2014.12.13"]

1. e4 d5 2. exd5 Qxd5 3. Nc3 Qd6 4. d4 Nf6 5. Nf3 c6 6. Ne5 Nbd7 7. f4 g6 8. g4
Nb6 9. g5 Nfd7 10. Ne4 Qc7 11. Qe2 Nxe5 12. fxe5 Be6 13. a4 a5 14. Bd2 h5 15.
Nc5 Bd5 16. Bg2 Bxg2 17. Qxg2 e6 18. Ne4 O-O-O 19. Bxa5 Rxd4 20. O-O Qxe5 21.
Bc3 Nd5 22. Bxd4 Qxd4+ 23. Rf2 Bc5 24. Nxc5 Qxc5 25. Qg3 Ne3 26. h3 Rd8 27. Kh2
Nf5 28. Qf3 Qe5+ 29. Qf4 Qxf4+ 30. Rxf4 Rd2+ 31. Kg1 Rxc2 32. Rf2 Rc4 33. a5 e5
34. Re1 Rc5 35. b4 Rb5 36. Rfe2 Nd4 37. Rf2 Nf5 38. Rd2 Kc7 39. Red1 Nd4 40. Rf1
Rxb4 41. Rxf7+ Kd6 42. Rf6+ Kc5 43. Kf2 e4 44. Rxg6 Rb3 45. Rd1 e3+ 46. Kg2 Rb2+
47. Kg3 e2 48. Rc1+ Kd5 49. Rg8 Rd2 50. Re1 Kc4 51. Re8 Rd3+ 52. Kg2 h4 53. Rc1+
Kd5 54. Rd8+ Ke5 55. g6 Rg3+ 56. Kf2 Rxg6 57. Rc5+ Ke4 58. Re8+ Kd3 59. Rce5
Rf6+ 60. Kg2 Kd2 61. Re4 c5 62. R8e5 Rg6+ 63. Kf2 Rf6+ 64. Kg2 Rc6 65. Kf2 Rf6+
66. Kg2 Ke1 67. Rxh4 Rf2+ 68. Kg3 Nf5+ 69. Rxf5 Rxf5 70. Kg2 Kd2 0-1

[Event "World Youth U16 Olympiad"]
[Site "Gyor HUN"]
[Date "2014.12.21"]
[Round "10.7"]
[Board "1"]
[White "Jarmula, Lukasz"]
[Black "Morozov, Nichita"]
[Result "1/2-1/2"]
[WhiteTitle "FM"]
[BlackTitle "FM"]
[WhiteElo "2307"]
[BlackElo "2307"]
[WhiteTeam "Poland 1"]
[BlackTeam "Moldova"]
[WhiteFideId "1160664"]
[BlackFideId "13900897"]
[EventDate "2014.12.13"]

1. e4 d6 2. d4 Nf6 3. Nc3 g6 4. Be3 Bg7 5. Qd2 c6 6. Bh6 Bxh6 7. Qxh6 b5 8. Bd3
Qa5 9. Ne2 b4 10. Nd1 Ba6 11. O-O Qh5 12. Qe3 Ng4 13. Qg3 Bxd3 14. cxd3 e5 15.
f3 Nf6 16. dxe5 Qxe5 17. Qxe5+ dxe5 18. a3 Na6 19. d4 exd4 20. Nxd4 c5 21. Nc6
O-O 22. Ne3 Kg7 23. Rfc1 Nd7 24. axb4 Nxb4 25. Nxb4 cxb4 26. Rc7 Ne5 27. Nd5 a5
28. b3 Rfc8 29. Rxc8 Rxc8 30. Rxa5 Rc1+ 31. Kf2 Rc2+ 32. Kg3 Nd3 1/2-1/2